[Event "LTU  (B14)"]
[Site "Vilnius"]
[Date "2018.02.19"]
[Round "6.9"]
[White "Motuza, Nedas"]
[Black "Meskauskas, Paulius"]
[Result "1-0"]
[WhiteElo "1316"]
[BlackElo "1112"]
[PlyCount "45"]
[EventDate "2018.02.16"]

1. d4 d5 2. c4 c6 3. Nc3 Nf6 4. Bg5 e6 5. Nf3 Be7 6. e3 O-O 7. Rc1 Nbd7 8. Be2
dxc4 9. Bxc4 Nb6 10. Bb3 h6 11. Bh4 Nfd5 12. Bxe7 Qxe7 13. O-O Qf6 14. e4 Nxc3
15. Rxc3 Qg6 16. Re1 Rd8 17. Ree3 Nd7 18. Qe2 b6 19. Rxc6 Nf6 20. Rc7 Ng4 21.
Rec3 Nf6 22. Bc2 Bd7 23. e5 1-0

[Event "LTU  (B14)"]
[Site "Vilnius"]
[Date "2018.02.19"]
[Round "6.10"]
[White "Vilkys, Benediktas"]
[Black "Ivanauskas, Pijus"]
[Result "1-0"]
[WhiteElo "1316"]
[BlackElo "1003"]
[PlyCount "91"]
[EventDate "2018.02.16"]

1. e4 e5 2. Nf3 Nc6 3. Nc3 Nf6 4. d4 exd4 5. Nxd4 Nxd4 6. Qxd4 d6 7. Bg5 Be7 8.
O-O-O O-O 9. h4 Be6 10. f3 h6 11. Be3 Nd7 12. Bf2 Bf6 13. Qd2 a6 14. Nd5 Bxd5
15. Qxd5 b5 16. f4 Nb6 17. Bxb6 cxb6 18. g3 Qc7 19. Qxd6 Qxd6 20. Rxd6 Rab8 21.
Bh3 Rbd8 22. Rxb6 Ra8 23. Rd1 Rfe8 24. e5 Be7 25. Rc6 f6 26. e6 g5 27. f5 gxh4
28. gxh4 h5 29. Rd7 Rad8 30. Bg2 Bf8 31. Rcc7 Rxd7 32. Rxd7 Bh6+ 33. Kd1 Kf8
34. Bf3 Bf4 35. Bxh5 Re7 36. Rxe7 Kxe7 37. Bg6 Bh6 38. Ke2 a5 39. Kd3 b4 40.
Kc4 Bd2 41. b3 Bh6 42. Kb5 Bd2 43. h5 Kf8 44. Kxa5 Ke7 45. Ka4 Kf8 46. a3 {
time
} 1-0

[Event "LTU  (B14)"]
[Site "Vilnius"]
[Date "2018.02.20"]
[Round "7.1"]
[White "Gucaga, Augustas"]
[Black "Stremavicius, Pijus"]
[Result "0-1"]
[WhiteElo "1907"]
[BlackElo "1862"]
[PlyCount "108"]
[EventDate "2018.02.16"]

1. e4 c5 2. Nc3 e6 3. g3 d5 4. d3 Nf6 5. Bg2 Be7 6. Nh3 O-O 7. O-O Nc6 8. Nf4
d4 9. Nb1 e5 10. Ne2 Qc7 11. Nd2 Rb8 12. a4 a6 13. f4 Bg4 14. h3 Bxe2 15. Qxe2
b5 16. f5 Nb4 17. Nf3 c4 18. axb5 cxd3 19. cxd3 Rxb5 20. Ne1 Nd7 21. g4 h6 22.
Bd2 a5 23. Rc1 Qb6 24. Bxb4 Rxb4 25. Rc2 Rb8 26. Nf3 Rxb2 27. Rfc1 Rxc2 28.
Rxc2 a4 29. Nd2 a3 30. Nc4 Qb3 31. Bf1 Rb5 32. Ra2 Nb6 33. Qc2 Nxc4 34. Qxc4
Qxc4 35. dxc4 Rb2 36. Rxb2 axb2 37. Bd3 g6 38. Kf1 Kg7 39. Ke2 Bb4 40. Kd1 gxf5
41. gxf5 Kf6 42. Kc2 Kg5 43. c5 Bxc5 44. Kb3 Be7 45. Kc4 Kf4 46. Kd5 f6 47. Ke6
h5 48. Kd5 Kf3 49. Bc2 Ke3 50. Kc4 h4 51. Bd3 Kf2 52. Kb3 Kg2 53. Kc2 Kxh3 54.
Kd1 Kg2 0-1

[Event "LTU  (B14)"]
[Site "Vilnius"]
[Date "2018.02.20"]
[Round "7.2"]
[White "Povilaitis, Tomas"]
[Black "Bagdanskis, Dangis"]
[Result "1/2-1/2"]
[WhiteElo "1722"]
[BlackElo "1585"]
[PlyCount "68"]
[EventDate "2018.02.16"]

1. e4 c6 2. d4 d5 3. exd5 cxd5 4. c4 e6 5. Nc3 Nf6 6. Nf3 Be7 7. c5 O-O 8. Bf4
Nc6 9. Bb5 Qa5 10. O-O Bd7 11. Bxc6 Bxc6 12. a3 Qd8 13. b4 Ne4 14. Qc2 Nxc3 15.
Qxc3 Bf6 16. a4 a6 17. Qb2 Qd7 18. Qb3 Rfe8 19. Rfe1 Kh8 20. Re3 Rg8 21. Qc2 h6
22. g4 e5 23. Bxe5 Qxg4+ 24. Kh1 Rge8 25. Rg1 Qd7 26. Bxf6 gxf6 27. Rxe8+ Rxe8
28. Qd2 Qh3 29. Qf4 Re6 30. Ne5 Be8 31. Ng4 Qh4 32. Qxh6+ Qxh6 33. Nxh6 Re4 34.
Ng4 Rf4 1/2-1/2

[Event "LTU  (B14)"]
[Site "Vilnius"]
[Date "2018.02.20"]
[Round "7.3"]
[White "Likatavicius, Rapolas"]
[Black "Indriunas, Matas"]
[Result "0-1"]
[WhiteElo "1474"]
[BlackElo "1876"]
[PlyCount "80"]
[EventDate "2018.02.16"]

1. d4 d6 2. g3 g6 3. Bg2 Bg7 4. e4 c5 5. dxc5 Qa5+ 6. c3 Qxc5 7. Be3 Qc7 8. Nd2
Nf6 9. h3 Bd7 10. Ne2 O-O 11. O-O Nc6 12. Nd4 a6 13. Qe2 Rfc8 14. Rfc1 Rab8 15.
Nxc6 Bxc6 16. Bd4 e5 17. Ba7 Ra8 18. Be3 d5 19. exd5 Nxd5 20. Rd1 Nxe3 21. Qxe3
Bxg2 22. Kxg2 f5 23. Nf3 Rd8 24. Qe2 h6 25. Rxd8+ Rxd8 26. Rd1 Rd6 27. Rxd6
Qxd6 28. Qd2 Qc6 29. Qe3 Qd5 30. a3 g5 31. Kh2 e4 32. Nd4 f4 33. gxf4 gxf4 34.
Qe2 f3 35. Qf1 Qg5 36. Nc2 h5 37. Ne3 Qh4 38. Qg1 Kh7 39. Nf5 Qf4+ 40. Ng3 h4
0-1

[Event "LTU  (B14)"]
[Site "Vilnius"]
[Date "2018.02.20"]
[Round "7.4"]
[White "Silkaitis, Laimis"]
[Black "Motuza, Nedas"]
[Result "1-0"]
[WhiteElo "1581"]
[BlackElo "1316"]
[PlyCount "120"]
[EventDate "2018.02.16"]

1. d4 d5 2. c4 e6 3. Nf3 dxc4 4. e4 a6 5. Bxc4 b5 6. Bd3 Bb7 7. O-O c5 8. dxc5
Bxc5 9. Qe2 Ne7 10. Bxb5+ Nbc6 11. Ba4 O-O 12. Be3 Qb6 13. Bxc5 Qxc5 14. Nc3
Rfd8 15. Rfd1 Rac8 16. h3 h6 17. Rac1 Qb4 18. a3 Qa5 19. Rxd8+ Nxd8 20. Rd1
Ndc6 21. Rd7 Ba8 22. Qd2 Rd8 23. b4 Rxd7 24. Qxd7 Qd8 25. Qxd8+ Nxd8 26. Ne5
Ndc6 27. Nxc6 Nxc6 28. f3 Kf8 29. Kf2 Ke7 30. Ke3 Kd6 31. Bxc6 Bxc6 32. Kd4 Bb5
33. Nxb5+ axb5 34. e5+ Kc6 35. f4 h5 36. g3 g6 37. Ke4 Kb6 38. g4 hxg4 39. hxg4
Kc6 40. g5 Kb6 41. Kd3 Kc6 42. Kd4 Kb6 43. Kc3 Kc6 44. Kb3 Kb7 45. a4 Kb6 46.
axb5 Kb7 47. Kc3 Kc7 48. b6+ Kc6 49. b5+ Kxb6 50. Kc4 Kb7 51. Kc5 Kc7 52. b6+
Kb7 53. Kb5 Kb8 54. Kc6 Kc8 55. b7+ Kb8 56. Kd7 Kxb7 57. Ke7 Kc6 58. Kxf7 Kd5
59. Kxg6 Ke4 60. Kf6 Kxf4 1-0

[Event "LTU  (B14)"]
[Site "Vilnius"]
[Date "2018.02.20"]
[Round "7.5"]
[White "Labanauskas, Dovydas"]
[Black "Juodzevicius, Karolis"]
[Result "0-1"]
[WhiteElo "1557"]
[BlackElo "1579"]
[PlyCount "108"]
[EventDate "2018.02.16"]

1. e4 e6 2. d3 d5 3. Nd2 Nf6 4. Ngf3 c5 5. g3 Nc6 6. Bg2 Be7 7. O-O O-O 8. e5
Nd7 9. Re1 Qc7 10. Qe2 Nb4 11. Nf1 d4 12. h4 f6 13. exf6 Nxf6 14. Bh3 e5 15.
Bxc8 Raxc8 16. a3 Nc6 17. Nxe5 Nxe5 18. Qxe5 Bd6 19. Qe6+ Kh8 20. Bg5 h6 21.
Bd2 Qc6 22. Nh2 Nd7 23. c3 Rf6 24. Qe2 Rcf8 25. f4 Rg6 26. Qf2 dxc3 27. bxc3 h5
28. Rf1 Nf6 29. Qf3 Qd7 30. Kg2 Ng4 31. Rab1 b6 32. Rbe1 c4 33. Qd5 Nxh2 34.
Kxh2 Qg4 35. Qf3 cxd3 36. Qxd3 Rd8 37. Qf3 Qxf3 38. Rxf3 Bxa3 39. Re2 Rgd6 40.
Be1 Bc5 41. Re5 g6 42. f5 Rf6 43. Kg2 Rdf8 44. c4 Rxf5 45. Rfxf5 Rxf5 46. Re8+
Kg7 47. Ra8 a5 48. Bc3+ Kf7 49. Ra7+ Ke6 50. Rg7 Rf2+ 51. Kh1 Kf5 52. Rf7+ Kg4
53. Rg7 Kh3 54. Kg1 Rf3+ 0-1

[Event "LTU  (B14)"]
[Site "Vilnius"]
[Date "2018.02.20"]
[Round "7.6"]
[White "Persinas, Vilius"]
[Black "Greicius, Pijus"]
[Result "1-0"]
[WhiteElo "1394"]
[BlackElo "1443"]
[PlyCount "35"]
[EventDate "2018.02.16"]

1. g4 d5 2. Bg2 Nc6 3. h3 e5 4. e3 Be6 5. Ne2 Nge7 6. Nbc3 f5 7. gxf5 Nxf5 8.
d4 e4 9. Nf4 Bf7 10. Bd2 Be7 11. Qg4 g6 12. O-O-O h5 13. Qe2 g5 14. Nfxd5 Bxd5
15. Qb5 Bxa2 16. Qxf5 Bf7 17. Bxe4 a6 18. Bd5 1-0

[Event "LTU  (B14)"]
[Site "Vilnius"]
[Date "2018.02.20"]
[Round "7.7"]
[White "Staponas, Zygimantas"]
[Black "Aleknavicius, Andrius"]
[Result "0-1"]
[WhiteElo "1130"]
[BlackElo "1784"]
[PlyCount "54"]
[EventDate "2018.02.16"]

1. c4 d6 2. Nc3 f5 3. b3 Nf6 4. Bb2 e5 5. g3 c6 6. Bg2 Be7 7. Qc2 O-O 8. h4 Be6
9. O-O-O Nbd7 10. e4 fxe4 11. Nxe4 d5 12. Nxf6+ Bxf6 13. cxd5 cxd5 14. Kb1 Rc8
15. Qd3 e4 16. Qe3 Bxb2 17. Kxb2 Qf6+ 18. Kb1 Ne5 19. Bh3 Bxh3 20. Nxh3 Nd3 21.
Qxd3 exd3 22. Nf4 Rc2 23. Nxd3 Rfc8 24. Rc1 Rxc1+ 25. Rxc1 Rxc1+ 26. Kxc1 Qa1+
27. Kc2 Qxa2+ 0-1

[Event "LTU  (B14)"]
[Site "Vilnius"]
[Date "2018.02.20"]
[Round "7.8"]
[White "Vasiliauskas, Ignas"]
[Black "Vilkys, Benediktas"]
[Result "1/2-1/2"]
[WhiteElo "1270"]
[BlackElo "1316"]
[PlyCount "41"]
[EventDate "2018.02.16"]

1. e4 c6 2. d4 d5 3. exd5 cxd5 4. c4 Nf6 5. Nc3 e6 6. Nf3 Bb4 7. a3 Bxc3+ 8.
bxc3 Qc7 9. Qb3 b6 10. Bd2 Nc6 11. cxd5 Nxd5 12. Bb5 O-O 13. O-O Bb7 14. Rac1
Nce7 15. Ne5 Nf5 16. Bd3 Nde7 17. Qc4 Qd6 18. Qb4 Qd5 19. f3 Rac8 20. Be4 Qd8
21. Bxb7 1/2-1/2

[Event "LTU  (B14)"]
[Site "Vilnius"]
[Date "2018.02.20"]
[Round "7.9"]
[White "Meskauskas, Paulius"]
[Black "Posaskov, Nikita"]
[Result "0-1"]
[WhiteElo "1112"]
[BlackElo "1526"]
[PlyCount "32"]
[EventDate "2018.02.16"]

1. e4 c6 2. d4 d5 3. Nd2 dxe4 4. Nxe4 Bf5 5. Ng3 Bg6 6. h4 h6 7. h5 Bh7 8. Nf3
e6 9. Be3 Bd6 10. Bd3 Bxg3 11. fxg3 Bxd3 12. Qxd3 Nf6 13. O-O-O Nbd7 14. Qb3
Qb6 15. Qd3 Nd5 16. Ne5 Nxe5 0-1

[Event "LTU  (B14)"]
[Site "Vilnius"]
[Date "2018.02.20"]
[Round "8.1"]
[White "Stremavicius, Pijus"]
[Black "Povilaitis, Tomas"]
[Result "1/2-1/2"]
[WhiteElo "1862"]
[BlackElo "1722"]
[PlyCount "45"]
[EventDate "2018.02.16"]

1. d4 e6 2. Nf3 b6 3. Bf4 Bb7 4. c3 f5 5. h3 Nf6 6. e3 Be7 7. Nbd2 O-O 8. Bd3
Ne4 9. Qc2 Nxd2 10. Qxd2 d6 11. Bc4 Qd7 12. Qe2 c5 13. O-O Bxf3 14. Qxf3 d5 15.
Bd3 c4 16. Bc2 Nc6 17. Kh1 b5 18. Rg1 Bf6 19. g4 fxg4 20. Qxg4 Qf7 21. Bg3 e5
22. Rae1 Rae8 23. f4 1/2-1/2

[Event "LTU  (B14)"]
[Site "Vilnius"]
[Date "2018.02.20"]
[Round "8.2"]
[White "Indriunas, Matas"]
[Black "Gucaga, Augustas"]
[Result "0-1"]
[WhiteElo "1876"]
[BlackElo "1907"]
[PlyCount "50"]
[EventDate "2018.02.16"]

1. e4 c5 2. Nf3 d6 3. d4 cxd4 4. Nxd4 Nf6 5. Nc3 g6 6. Be3 Bg7 7. f3 O-O 8. Qd2
Nc6 9. O-O-O d5 10. Kb1 Nxd4 11. e5 Nf5 12. exf6 exf6 13. Bc5 d4 14. Bxf8 Qxf8
15. Nb5 Ne3 16. Re1 f5 17. Nxd4 f4 18. g3 Qd8 19. c3 Bxd4 20. cxd4 Bf5+ 21. Bd3
Qxd4 22. Rd1 Nxd1 23. Rxd1 Rd8 24. Kc2 Qa4+ 25. b3 Qxa2+ 0-1

[Event "LTU  (B14)"]
[Site "Vilnius"]
[Date "2018.02.20"]
[Round "8.3"]
[White "Bagdanskis, Dangis"]
[Black "Juodzevicius, Karolis"]
[Result "1/2-1/2"]
[WhiteElo "1585"]
[BlackElo "1579"]
[PlyCount "86"]
[EventDate "2018.02.16"]

1. d4 e6 2. Nf3 Nf6 3. Bg5 d5 4. e3 c5 5. c3 h6 6. Bh4 Nc6 7. Nbd2 Be7 8. Bd3
O-O 9. O-O Nd7 10. Bg3 Bf6 11. Bd6 Be7 12. Bxe7 Qxe7 13. Rc1 e5 14. dxe5 Ndxe5
15. Nxe5 Nxe5 16. Bb1 b6 17. Qc2 f5 18. Rfd1 Bb7 19. Nf1 Qg5 20. Ng3 Ng4 21. h3
Nxe3 22. fxe3 Qxg3 23. Qd3 d4 24. e4 Qxd3 25. Bxd3 fxe4 26. Bc4+ Kh8 27. cxd4
cxd4 28. Rxd4 Rad8 29. Rcd1 Rxd4 30. Rxd4 Bc6 31. Rd6 Rf6 32. Rd8+ Kh7 33. b4
b5 34. Bf1 e3 35. a4 a6 36. axb5 Bxb5 37. Bxb5 axb5 38. Re8 Rf4 39. Rxe3 Rxb4
40. Re2 Rb1+ 41. Kf2 b4 42. Ke3 b3 43. Kd3 Rc1 1/2-1/2

[Event "LTU  (B14)"]
[Site "Vilnius"]
[Date "2018.02.20"]
[Round "8.4"]
[White "Silkaitis, Laimis"]
[Black "Persinas, Vilius"]
[Result "1-0"]
[WhiteElo "1581"]
[BlackElo "1394"]
[PlyCount "79"]
[EventDate "2018.02.16"]

1. d4 Nf6 2. c4 e5 3. dxe5 Ng4 4. e3 Nxe5 5. Nh3 Nbc6 6. Nf4 d6 7. Nc3 Be7 8.
Be2 Bf5 9. Nfd5 Bf6 10. O-O O-O 11. e4 Be6 12. Nxf6+ Qxf6 13. f4 Nd4 14. fxe5
Nxe2+ 15. Qxe2 Qxe5 16. Be3 Qa5 17. Rac1 f6 18. a3 b6 19. Nd5 Rf7 20. Qd2 Qa6
21. Kh1 Re8 22. Qc2 Qb7 23. b3 Bd7 24. Rce1 Bc6 25. h3 Qc8 26. Bd2 Bd7 27. Qd3
Qb7 28. Bc3 Ref8 29. Qg3 Kh8 30. Rf2 Bc6 31. Ref1 Bxd5 32. exd5 Qc8 33. Re2 Re8
34. Rfe1 Rxe2 35. Rxe2 Rf8 36. Re7 Rg8 37. Qf4 Re8 38. Bxf6 Qd8 39. Bxg7+ Kg8
40. Qf7# 1-0

[Event "LTU  (B14)"]
[Site "Vilnius"]
[Date "2018.02.20"]
[Round "8.5"]
[White "Aleknavicius, Andrius"]
[Black "Posaskov, Nikita"]
[Result "1-0"]
[WhiteElo "1784"]
[BlackElo "1526"]
[PlyCount "47"]
[EventDate "2018.02.16"]

1. d4 Nf6 2. Bf4 g6 3. Nc3 Bg7 4. e4 d6 5. Qd2 O-O 6. O-O-O Nbd7 7. Nf3 c5 8.
dxc5 dxc5 9. e5 Ne8 10. Bb5 Qb6 11. Bxd7 Nc7 12. Bxc8 Raxc8 13. Bh6 Ne6 14.
Bxg7 Kxg7 15. h4 Rfd8 16. Qe3 Nd4 17. h5 Nf5 18. Qf4 Rh8 19. g4 Nh6 20. Nd5 Qe6
21. Rhg1 f6 22. exf6+ exf6 23. Rge1 Qa6 24. Re7+ 1-0

[Event "LTU  (B14)"]
[Site "Vilnius"]
[Date "2018.02.20"]
[Round "8.6"]
[White "Vasiliauskas, Ignas"]
[Black "Likatavicius, Rapolas"]
[Result "0-1"]
[WhiteElo "1270"]
[BlackElo "1474"]
[PlyCount "98"]
[EventDate "2018.02.16"]

1. e4 d5 2. exd5 Qxd5 3. Nc3 Qd6 4. Nf3 c6 5. Bc4 Nf6 6. d3 Bf5 7. Be3 e6 8.
Qd2 Qc7 9. O-O Nbd7 10. a3 Bd6 11. h3 O-O 12. Rfe1 Rac8 13. Rad1 a6 14. d4 Nd5
15. Nxd5 cxd5 16. Bb3 Nb6 17. c3 Nc4 18. Bxc4 dxc4 19. Qc1 Rfd8 20. Kh1 Qc6 21.
Bf4 Bxh3 22. Bxd6 Rxd6 23. Qf4 Bf5 24. Ne5 Qb6 25. Qc1 f6 26. Nf3 Bg4 27. Re3
Re8 28. Rde1 Bxf3 29. Rxf3 Rd5 30. Kg1 Qc6 31. Rg3 Qd6 32. Qc2 Rf5 33. Rf1 b5
34. Rd1 Qf4 35. Rf3 Qg4 36. Rxf5 exf5 37. Kf1 Qh5 38. Kg1 Re2 39. Qc1 Qh4 40.
Rf1 Qe4 41. Qb1 Kf7 42. Qxe4 fxe4 43. Rb1 Rc2 44. Kf1 a5 45. Ke1 e3 46. fxe3
Rxg2 47. Kf1 Rc2 48. e4 a4 49. d5 Ke7 0-1

[Event "LTU  (B14)"]
[Site "Vilnius"]
[Date "2018.02.20"]
[Round "8.7"]
[White "Greicius, Pijus"]
[Black "Labanauskas, Dovydas"]
[Result "1-0"]
[WhiteElo "1443"]
[BlackElo "1557"]
[PlyCount "143"]
[EventDate "2018.02.16"]

1. c4 Nf6 2. g3 e6 3. Bg2 d5 4. cxd5 exd5 5. d3 Nc6 6. Nf3 Bc5 7. O-O O-O 8.
Nbd2 Bg4 9. Nb3 Bb6 10. Bf4 Re8 11. h3 Bf5 12. Rc1 Nh5 13. e3 Nxf4 14. exf4 Nb4
15. d4 Nxa2 16. Ra1 Nb4 17. Qd2 Nc6 18. Ne5 Qd6 19. g4 Bd7 20. Rac1 f6 21. Nxd7
Qxd7 22. Nc5 Bxc5 23. dxc5 Rad8 24. Rfd1 Ne7 25. Qd4 c6 26. Ra1 a6 27. Rd3 Nc8
28. Bf3 Na7 29. b4 Qc7 30. f5 Nb5 31. Qb2 Ra8 32. Kg2 Kh8 33. Rdd1 b6 34. Qc2
bxc5 35. Qxc5 Qd6 36. Rac1 Qxc5 37. Rxc5 Rec8 38. Rdc1 Rd8 39. Rxc6 Nd4 40.
R6c3 Nxf3 41. Kxf3 h6 42. Rd3 Rd6 43. Rd4 Rad8 44. Rc5 Kg8 45. Kg3 Kf7 46. f3
Ke7 47. Rc7+ R8d7 48. Rc5 Rb6 49. Rcxd5 Rxd5 50. Rxd5 Rxb4 51. Ra5 Rb6 52. h4
Kd6 53. f4 Kc6 54. g5 h5 55. Kf3 Rb3+ 56. Ke4 Rb4+ 57. Kf3 Kb6 58. Rd5 Rc4 59.
Rd6+ Rc6 60. Rd7 fxg5 61. fxg5 g6 62. f6 Rc8 63. Rg7 a5 64. Rxg6 Kb5 65. f7 Rf8
66. Rf6 a4 67. g6 Rc8 68. f8=Q Rc3+ 69. Kf4 Rc4+ 70. Kg5 Rc5+ 71. Rf5 Rxf5+ 72.
Kxf5 1-0

[Event "LTU  (B14)"]
[Site "Vilnius"]
[Date "2018.02.20"]
[Round "8.8"]
[White "Motuza, Nedas"]
[Black "Vilkys, Benediktas"]
[Result "0-1"]
[WhiteElo "1316"]
[BlackElo "1316"]
[PlyCount "88"]
[EventDate "2018.02.16"]

1. d4 f5 2. Nf3 Nf6 3. Bf4 d6 4. h3 g6 5. e3 Bg7 6. Bc4 e6 7. Nbd2 Qe7 8. c3
Nbd7 9. O-O O-O 10. Re1 Kh8 11. Bb3 e5 12. dxe5 dxe5 13. Bh2 e4 14. Nd4 Ne5 15.
Bxe5 Qxe5 16. Qe2 Bd7 17. Rad1 Rad8 18. Nc4 Qe7 19. Na5 c5 20. Nxb7 cxd4 21.
Nxd8 d3 22. Nf7+ Rxf7 23. Qf1 Rf8 24. Rd2 a5 25. a3 Be6 26. Bxe6 Qxe6 27. Rb1
Nd5 28. Qc1 Rc8 29. c4 Nb6 30. c5 Nc4 31. Rd1 d2 32. Qc2 a4 33. Qxa4 Nxb2 34.
Rxb2 Bxb2 35. Rxd2 Be5 36. Qa7 Rc7 37. Qa5 Qc4 38. Rd1 Qxc5 39. Qa4 Qc6 40. Qb4
Kg7 41. Qa5 Qc3 42. Qa4 Qc2 43. Rd7+ Kh6 44. Rxc7 Qxa4 0-1

[Event "LTU  (B14)"]
[Site "Vilnius"]
[Date "2018.02.20"]
[Round "8.10"]
[White "Kuznecovas, Kevinas"]
[Black "Jaskunas, Aistis"]
[Result "1-0"]
[WhiteElo "1024"]
[BlackElo "1005"]
[PlyCount "120"]
[EventDate "2018.02.16"]

1. Nf3 Nc6 2. d4 d5 3. c4 e6 4. Bf4 Bd6 5. Bxd6 cxd6 6. Qb3 Na5 7. Qc2 dxc4 8.
e4 d5 9. exd5 exd5 10. Nc3 Nf6 11. Be2 O-O 12. O-O Nc6 13. h3 Bd7 14. a3 Qc8
15. Kh2 Bf5 16. Qd2 Qc7+ 17. Kh1 Na5 18. Rae1 Nb3 19. Qg5 Qd7 20. Ne5 Qe6 21.
Nf3 Rfe8 22. Bxc4 Qb6 23. Bxb3 Qxb3 24. Rxe8+ Rxe8 25. Qxf5 Qxb2 26. Nxd5 Nxd5
27. Qxd5 Qxa3 28. Qxb7 Qd3 29. Qb1 Qc4 30. Qc1 Qb5 31. Re1 Ra8 32. Qc5 Qa4 33.
Rc1 Qa6 34. Qc6 Qxc6 35. Rxc6 a5 36. Rc3 a4 37. Ra3 Kf8 38. Ng5 h6 39. Ne4 Ke7
40. Nc5 Kd6 41. Rxa4 Rxa4 42. Nxa4 Kd5 43. Nb6+ Kxd4 44. g3 Ke5 45. Kg2 g5 46.
Nc4+ Kf6 47. f4 Kg6 48. Kf3 f5 49. Ne5+ Kf6 50. fxg5+ hxg5 51. Nd3 Kg6 52. Ke3
Kh5 53. Ne5 f4+ 54. Kf3 fxg3 55. Kxg3 Kh6 56. Kg4 Kg7 57. Kxg5 Kh7 58. h4 Kg7
59. h5 Kh7 60. h6 Kg8 1-0

[Event "LTU  (B14)"]
[Site "Vilnius"]
[Date "2018.02.21"]
[Round "9.1"]
[White "Likatavicius, Rapolas"]
[Black "Stremavicius, Pijus"]
[Result "0-1"]
[WhiteElo "1474"]
[BlackElo "1862"]
[PlyCount "74"]
[EventDate "2018.02.16"]

1. d4 Nf6 2. Bf4 c5 3. e3 Qb6 4. Nc3 e6 5. a3 Nc6 6. Nf3 a6 7. Be2 cxd4 8. exd4
d5 9. O-O Be7 10. Qd3 O-O 11. b4 Bd7 12. Na4 Qa7 13. Nc5 Rfc8 14. Rab1 Be8 15.
Rfc1 Nd8 16. Qe3 Bb5 17. Ne5 Bxe2 18. Qxe2 b6 19. Na4 Nb7 20. f3 Nd6 21. c3 Nc4
22. Nxc4 dxc4 23. Nb2 Nd5 24. Bd2 b5 25. Kh1 a5 26. Nd1 axb4 27. axb4 Rc6 28.
Rc2 Ra6 29. Nf2 Ra1 30. Rbc1 Rxc1+ 31. Bxc1 Qa1 32. g3 Nxc3 33. Rxc3 Qxc3 34.
Bb2 Qxb4 35. Qe4 Ra2 36. d5 exd5 37. Qe5 Rxb2 0-1

[Event "LTU  (B14)"]
[Site "Vilnius"]
[Date "2018.02.21"]
[Round "9.2"]
[White "Gucaga, Augustas"]
[Black "Povilaitis, Tomas"]
[Result "1-0"]
[WhiteElo "1907"]
[BlackElo "1722"]
[PlyCount "101"]
[EventDate "2018.02.16"]

1. e4 e6 2. d4 d5 3. Nc3 Bb4 4. e5 Ne7 5. a3 Bxc3+ 6. bxc3 c5 7. Nf3 b6 8. h4
Ba6 9. Bd3 Bxd3 10. Qxd3 Nbc6 11. h5 h6 12. Be3 cxd4 13. cxd4 Na5 14. Nd2 Rc8
15. c3 Nc4 16. Nxc4 Rxc4 17. Bd2 b5 18. Rh3 Qa5 19. Qb1 Nc6 20. Rg3 Kf8 21. Rf3
Ne7 22. Kf1 Nf5 23. Be1 a6 24. g4 Ne7 25. Qc1 Qc7 26. Qb1 Ke8 27. Bd2 Nc6 28.
Rg3 Ne7 29. Qd1 Qd7 30. Kg2 g6 31. Qf3 g5 32. Qd3 Kd8 33. Rf3 Nc6 34. Rf6 Kc7
35. Qf3 Rh7 36. Qd3 Rh8 37. f4 gxf4 38. Bxf4 Rg8 39. Qf3 Nd8 40. Bxh6 Kb6 41.
Bd2 Qc6 42. h6 a5 43. h7 Rh8 44. Rh6 b4 45. axb4 axb4 46. Qf6 bxc3 47. Qxh8
cxd2 48. Ra6+ Kc7 49. Rxc6+ Nxc6 50. Rh1 Rxd4 51. Kf2 1-0

[Event "LTU  (B14)"]
[Site "Vilnius"]
[Date "2018.02.21"]
[Round "9.3"]
[White "Bagdanskis, Dangis"]
[Black "Silkaitis, Laimis"]
[Result "1/2-1/2"]
[WhiteElo "1585"]
[BlackElo "1581"]
[PlyCount "91"]
[EventDate "2018.02.16"]

1. d4 d5 2. Nf3 Nf6 3. Bf4 c5 4. e3 Nc6 5. c3 Qb6 6. Qc2 Nh5 7. Bg3 Nxg3 8.
hxg3 g6 9. Bd3 Bg7 10. Nbd2 Bd7 11. O-O O-O 12. Rfe1 e5 13. dxe5 Nxe5 14. Nxe5
Bxe5 15. Rad1 Rac8 16. Be4 Bg4 17. Bf3 Be6 18. Nb3 Rfd8 19. Qe2 Bg7 20. Rd2 d4
21. exd4 cxd4 22. Nxd4 Bxd4 23. Rxd4 Rxd4 24. cxd4 Qxd4 25. Rd1 Qb4 26. b3 b5
27. Qb2 a5 28. Kh2 h5 29. Rd4 Qc5 30. Qd2 Kh7 31. Qe3 Qc2 32. Rd2 Qb1 33. Be4
Qf1 34. Bd3 Qa1 35. Qg5 Rc1 36. g4 Rh1+ 37. Kg3 Bxg4 38. Rc2 Qd4 39. Bxg6+ fxg6
40. Rc7+ Bd7 41. Qe7+ Kh6 42. Qf8+ Kh7 43. Qe7+ Kh6 44. Qf8+ Kh7 45. Qe7+ Kh6
46. Qf8+ 1/2-1/2

[Event "LTU  (B14)"]
[Site "Vilnius"]
[Date "2018.02.21"]
[Round "9.4"]
[White "Juodzevicius, Karolis"]
[Black "Indriunas, Matas"]
[Result "1/2-1/2"]
[WhiteElo "1579"]
[BlackElo "1876"]
[PlyCount "43"]
[EventDate "2018.02.16"]

1. e4 c5 2. Nf3 g6 3. d4 cxd4 4. Nxd4 Bg7 5. Nc3 Nc6 6. Be3 Nf6 7. Be2 O-O 8.
O-O d5 9. Nxc6 bxc6 10. exd5 cxd5 11. Bd4 e6 12. Bb5 a6 13. Bc6 Rb8 14. Bc5
Rxb2 15. Rb1 Rxb1 16. Nxb1 Ne4 17. Bxf8 Qxf8 18. c4 Qc5 19. cxd5 Bd4 20. Qf3
Nxf2 21. Nd2 Ng4+ 22. Kh1 1/2-1/2

[Event "LTU  (B14)"]
[Site "Vilnius"]
[Date "2018.02.21"]
[Round "9.5"]
[White "Persinas, Vilius"]
[Black "Aleknavicius, Andrius"]
[Result "0-1"]
[WhiteElo "1394"]
[BlackElo "1784"]
[PlyCount "86"]
[EventDate "2018.02.16"]

1. g4 d5 2. Bg2 c6 3. h3 e5 4. e3 Bd6 5. Ne2 h6 6. d4 e4 7. Nbc3 Nf6 8. Nf4 b5
9. a3 a5 10. O-O O-O 11. f3 exf3 12. Bxf3 Re8 13. Re1 Ne4 14. Nxe4 dxe4 15. Bg2
Bb7 16. Qe2 Bxf4 17. exf4 Qxd4+ 18. Kh1 Na6 19. c3 Qd3 20. Qe3 Qxe3 21. Bxe3 c5
22. Rad1 Rad8 23. Kg1 g6 24. h4 Kg7 25. g5 h5 26. Kf2 Bc6 27. Ke2 Bd7 28. Kf2
Bc6 29. Ke2 b4 30. axb4 axb4 31. cxb4 Nxb4 32. Bf1 Nd3 33. Rxd3 exd3+ 34. Kd2
Bb5 35. Bg2 Kg8 36. Ra1 c4 37. Bf3 Bd7 38. Bd5 Be6 39. Bc6 Bd7 40. Bd5 Bb5 41.
Bf3 Bd7 42. Ra7 Bg4 43. Bc6 Rxe3 0-1

[Event "LTU  (B14)"]
[Site "Vilnius"]
[Date "2018.02.21"]
[Round "9.6"]
[White "Vilkys, Benediktas"]
[Black "Greicius, Pijus"]
[Result "1/2-1/2"]
[WhiteElo "1316"]
[BlackElo "1443"]
[PlyCount "46"]
[EventDate "2018.02.16"]

1. e4 e6 2. d4 d5 3. e5 c5 4. c3 Qb6 5. Nf3 Nc6 6. a3 Nh6 7. Bd3 Bd7 8. Bc2 Nf5
9. Bxf5 exf5 10. b4 cxd4 11. cxd4 Be7 12. Nc3 Be6 13. Be3 O-O 14. O-O Qd8 15.
Rc1 Rc8 16. Qb3 Qd7 17. Rc2 Rfd8 18. Rfc1 Qe8 19. Qb2 h6 20. Ne2 Kh7 21. Nd2 g5
22. f4 g4 23. Nb3 Qg8 1/2-1/2

[Event "LTU  (B14)"]
[Site "Vilnius"]
[Date "2018.02.21"]
[Round "9.7"]
[White "Posaskov, Nikita"]
[Black "Ivanauskas, Pijus"]
[Result "1-0"]
[WhiteElo "1526"]
[BlackElo "1003"]
[PlyCount "59"]
[EventDate "2018.02.16"]

1. d4 d5 2. c4 dxc4 3. e4 Nf6 4. e5 Nd5 5. Bxc4 e6 6. Nc3 Bb4 7. Nge2 Nc6 8.
O-O O-O 9. Nxd5 exd5 10. Bd3 Bg4 11. Be3 Re8 12. f4 f5 13. Qc2 Bxe2 14. Qxe2 g6
15. Kh1 h5 16. h3 Kg7 17. g3 Ba5 18. Rad1 Bb6 19. Bb1 Qe7 20. Kg2 Qb4 21. a3
Qb3 22. Rg1 Rh8 23. Qd3 Qa4 24. g4 hxg4 25. hxg4 fxg4 26. Qxg6+ Kf8 27. Qf6+
Kg8 28. e6 Nd8 29. e7 Qb5 30. Qf8# 1-0

[Event "LTU  (B14)"]
[Site "Vilnius"]
[Date "2018.02.21"]
[Round "9.9"]
[White "Onega, Paulius"]
[Black "Motuza, Nedas"]
[Result "0-1"]
[WhiteElo "1230"]
[BlackElo "1316"]
[PlyCount "168"]
[EventDate "2018.02.16"]

1. e4 c6 2. Nc3 d5 3. exd5 cxd5 4. d4 Bf5 5. Nf3 e6 6. Be2 Nf6 7. Bg5 Nbd7 8.
Bb5 a6 9. Bxf6 gxf6 10. Bd3 Bxd3 11. Qxd3 Bg7 12. O-O O-O 13. Ne2 f5 14. Nf4
Nf6 15. Ne5 Ne4 16. f3 Nd6 17. Qd1 Qb6 18. Nd7 Qxd4+ 19. Qxd4 Bxd4+ 20. Kh1
Rfd8 21. Rfd1 Nb5 22. c3 Be3 23. Nf6+ Kg7 24. N6h5+ Kh6 25. Re1 Bf2 26. Re2 Bh4
27. g3 Bg5 28. h4 Be7 29. Rg1 Rg8 30. Reg2 Rad8 31. Re2 Nd6 32. Rh2 e5 33. Nxd5
Kxh5 34. Nxe7 Rge8 35. Nd5 Kg6 36. h5+ Kg7 37. g4 f4 38. Rhg2 Nc4 39. Nb4 Ne3
40. Rh2 Rd7 41. Re2 Red8 42. Rge1 a5 43. Nc2 Nxc2 44. Rxe5 Rd1 45. Rxd1 Rxd1+
46. Kg2 Rd2+ 47. Kf1 Ne3+ 48. Ke1 Rxb2 49. Rxa5 Rc2 50. Rb5 Rxa2 51. Rxb7 Rc2
52. Rc7 Nd5 53. Rc5 Nxc3 54. Kf1 Rc1+ 55. Kg2 Rc2+ 56. Kf1 Nd1 57. Rxc2 Ne3+
58. Ke2 Nxc2 59. Kd3 Ne3 60. Ke4 Ng2 61. g5 h6 62. Kf5 hxg5 63. Kxg5 f6+ 64.
Kf5 Kh6 65. Kxf6 Kxh5 66. Kf5 Kh4 67. Ke4 Kg3 68. Kd3 Kxf3 69. Kd2 Ne3 70. Ke1
Kg2 71. Ke2 f3+ 72. Kxe3 f2 73. Kd4 f1=Q 74. Kd5 Qf4 75. Kc5 Qd2 76. Kc4 Kf3
77. Kc5 Qd3 78. Kc6 Qd4 79. Kc7 Qd5 80. Kb8 Qd7 81. Ka8 Ke4 82. Kb8 Kd5 83. Ka8
Kc6 84. Kb8 Qb7# 0-1